00237nam a2200085Ia 4500008004100000100000900041245006300050260002900113300000900142190216s9999||||xx |||||||||||||| ||und|| aNull 0aManagement Of Small Scale Industries And Entrepreneurship bKing`S Books Delhic2000 a333p